000 00460nam a2200181Ia 4500
999 _c16756
_d16756
001 16299
005 20200707104756.0
008 140404s9999 xx 000 0 und d
020 _a0750626089
040 _cPK-LaUMT
082 _a615.82
_bPHY-
245 _aPhysiotherapy :
_ba psychoscial approach /
_cedited by Sally French
250 _a2nd ed.
260 _aOxford,UK:
_bButterworth-Heinemann,
_c1997
300 _a438 p.
546 _aEN
942 _cBK